Statistics for Colleges of the University of Cambridge

Click here to take the quiz!

General Stats

  • This quiz has been taken 385 times
  • The average score is 21 of 31

Answer Stats

FOUNDED INCOLLEGE% Correct
1441King's
93%
1546Trinity
92%
1496Jesus
84%
1448Queens'
83%
1511St John's
81%
1284Peterhouse
79%
1350Trinity Hall
77%
1505Christ's
75%
1326Clare
74%
1352Corpus Christi
74%
1348Gonville and Caius
74%
1869Girton
73%
1960Churchill
69%
1584Emmanuel
69%
1347Pembroke
69%
1895 (1976)Homerton
68%
1428Magdalene
67%
1596Sidney Sussex
65%
1882Selwyn
64%
1800Downing
63%
1869 (1966)Fitzwilliam
63%
1871Newnham
62%
1977Robinson
62%
1964Darwin
61%
1965Wolfson
61%
1965Lucy Cavendish
56%
1473St Catharine's
53%
1954Murray Edwards
52%
1896St Edmund's
51%
1965Clare Hall
50%
1885Hughes Hall
48%

Score Distribution

Percentile by Number Answered

Percent of People with Each Score

Your Score History

You have not taken this quiz